[Event "DVM U14 2022"]
[Site "Kelheim GER"]
[Date "2022.12.29"]
[Round "5"]
[White "von Malotky, Mads"]
[Black "Selter, Julian André"]
[Result "0-1"]
[Termination "normal"]
[Board "7.3"]
[WhiteElo "1260"]
[BlackElo "1614"]
[WhiteClock "00:37:01"]
[BlackClock "00:57:21"]
[WhiteTeam "SC Borussia Lichtenberg"]
[BlackTeam "Schachvereinigung 1920 Plettenberg e. V."]
[PlyCount "100"]
[WhiteFideId "34626476"]
[BlackFideId "34608168"]
[EventCountry "GER"]
[EventRounds "7"]
[EventType "team-swiss"]
[EventDate "2022.12.26"]

1. e4 {[%clk 01:30:57]} {[%emt 00:00:02]} c5 {[%clk 01:30:57]} {[%emt
00:00:04]} 2. Nf3 {[%clk 01:31:21]} {[%emt 00:00:06]} Nc6 {[%clk 01:31:23]}
{[%emt 00:00:05]} 3. d4 {[%clk 01:31:42]} {[%emt 00:00:08]} cxd4 {[%clk
01:31:50]} {[%emt 00:00:04]} 4. Nxd4 {[%clk 01:32:06]} {[%emt 00:00:05]} g6
{[%clk 01:32:16]} {[%emt 00:00:04]} 5. c4 {[%clk 01:32:21]} {[%emt 00:00:15]}
Bg7 {[%clk 01:32:40]} {[%emt 00:00:06]} 6. Be3 {[%clk 01:32:27]} {[%emt
00:00:23]} Nf6 {[%clk 01:31:05]} {[%emt 00:02:05]} 7. Nc3 {[%clk 01:29:50]}
{[%emt 00:03:08]} d6 {[%clk 01:30:28]} {[%emt 00:01:07]} 8. Be2 {[%clk
01:30:09]} {[%emt 00:00:11]} a6 {[%clk 01:30:47]} {[%emt 00:00:11]} 9. Qd2
{[%clk 01:29:45]} {[%emt 00:00:54]} O-O {[%clk 01:27:29]} {[%emt 00:03:48]} 10.
O-O {[%clk 01:30:08]} {[%emt 00:00:08]} Bd7 {[%clk 01:27:13]} {[%emt 00:00:46]}
11. Rfd1 {[%clk 01:30:01]} {[%emt 00:00:36]} Rc8 {[%clk 01:27:09]} {[%emt
00:00:34]} 12. Rac1 {[%clk 01:29:29]} {[%emt 00:01:03]} Nxd4 {[%clk 01:22:45]}
{[%emt 00:04:53]} 13. Bxd4 {[%clk 01:29:25]} {[%emt 00:00:34]} Bc6 {[%clk
01:22:46]} {[%emt 00:00:30]} 14. f3 {[%clk 01:29:41]} {[%emt 00:00:13]} Nd7
{[%clk 01:18:37]} {[%emt 00:04:38]} 15. Be3 {[%clk 01:28:36]} {[%emt 00:01:35]}
Re8 {[%clk 01:15:35]} {[%emt 00:03:33]} 16. b3 {[%clk 01:27:20]} {[%emt
00:01:46]} Nf6 {[%clk 01:07:41]} {[%emt 00:08:23]} 17. Rc2 {[%clk 01:18:55]}
{[%emt 00:08:56]} b6 {[%clk 01:07:08]} {[%emt 00:01:04]} 18. a4 {[%clk
01:13:50]} {[%emt 00:05:35]} a5 {[%clk 01:05:34]} {[%emt 00:02:04]} 19. Rdc1
{[%clk 01:13:04]} {[%emt 00:01:15]} Nd7 {[%clk 01:05:13]} {[%emt 00:00:52]} 20.
Nd5 {[%clk 01:12:43]} {[%emt 00:00:51]} Nc5 {[%clk 01:04:43]} {[%emt 00:01:00]}
21. Bxc5 {[%clk 01:12:05]} {[%emt 00:01:07]} bxc5 {[%clk 01:04:24]} {[%emt
00:00:49]} 22. Nc3 {[%clk 01:10:00]} {[%emt 00:02:35]} Qb6 {[%clk 01:03:25]}
{[%emt 00:01:29]} 23. Kh1 {[%clk 01:07:56]} {[%emt 00:02:34]} Qb4 {[%clk
01:00:38]} {[%emt 00:03:17]} 24. Rb1 {[%clk 01:01:30]} {[%emt 00:06:55]} Bxc3
{[%clk 00:59:43]} {[%emt 00:01:25]} 25. Qxc3 {[%clk 01:01:37]} {[%emt
00:00:23]} Rb8 {[%clk 00:59:40]} {[%emt 00:00:35]} 26. Qxb4 {[%clk 01:01:06]}
{[%emt 00:01:01]} Rxb4 {[%clk 01:00:03]} {[%emt 00:00:06]} 27. Rd2 {[%clk
01:00:28]} {[%emt 00:01:07]} f6 {[%clk 00:59:34]} {[%emt 00:01:00]} 28. Bd3
{[%clk 00:58:29]} {[%emt 00:02:29]} Reb8 {[%clk 00:59:38]} {[%emt 00:00:26]}
29. Bc2 {[%clk 00:58:06]} {[%emt 00:00:53]} Bxa4 {[%clk 00:59:47]} {[%emt
00:00:21]} 30. Rd3 {[%clk 00:56:52]} {[%emt 00:01:44]} Bc6 {[%clk 00:59:36]}
{[%emt 00:00:40]} 31. Rdd1 {[%clk 00:56:32]} {[%emt 00:00:51]} a4 {[%clk
00:59:20]} {[%emt 00:00:46]} 32. bxa4 {[%clk 00:56:40]} {[%emt 00:00:22]} Bxa4
{[%clk 00:58:58]} {[%emt 00:00:52]} 33. Rxb4 {[%clk 00:56:46]} {[%emt
00:00:27]} Rxb4 {[%clk 00:59:21]} {[%emt 00:00:05]} 34. Bxa4 {[%clk 00:56:36]}
{[%emt 00:00:39]} Rxa4 {[%clk 00:59:41]} {[%emt 00:00:10]} 35. Rc1 {[%clk
00:56:46]} {[%emt 00:00:20]} Kf7 {[%clk 01:00:04]} {[%emt 00:00:07]} 36. f4
{[%clk 00:42:21]} {[%emt 00:14:55]} Ke6 {[%clk 01:00:06]} {[%emt 00:00:28]} 37.
g4 {[%clk 00:39:58]} {[%emt 00:02:53]} Ra2 {[%clk 00:58:48]} {[%emt 00:01:48]}
38. f5 {[%clk 00:39:17]} {[%emt 00:01:11]} Ke5 {[%clk 00:58:01]} {[%emt
00:01:16]} 39. fxg6 {[%clk 00:39:26]} {[%emt 00:00:22]} hxg6 {[%clk 00:58:19]}
{[%emt 00:00:12]} 40. h4 {[%clk 00:39:39]} {[%emt 00:00:17]} Kf4 {[%clk
00:57:07]} {[%emt 00:01:42]} 41. Rg1 {[%clk 00:39:08]} {[%emt 00:01:01]} Ra8
{[%clk 00:55:23]} {[%emt 00:02:14]} 42. g5 {[%clk 00:37:29]} {[%emt 00:02:09]}
fxg5 {[%clk 00:55:14]} {[%emt 00:00:40]} 43. Rxg5 {[%clk 00:36:48]} {[%emt
00:01:10]} Rh8 {[%clk 00:55:21]} {[%emt 00:00:21]} 44. Rxg6 {[%clk 00:36:06]}
{[%emt 00:01:13]} Rxh4 {[%clk 00:55:42]} {[%emt 00:00:09]} 45. Kg2 {[%clk
00:36:18]} {[%emt 00:00:18]} Rg4 {[%clk 00:55:48]} {[%emt 00:00:24]} 46. Rxg4
{[%clk 00:36:27]} {[%emt 00:00:22]} Kxg4 {[%clk 00:56:09]} {[%emt 00:00:08]}
47. e5 {[%clk 00:36:36]} {[%emt 00:00:21]} Kf4 {[%clk 00:56:07]} {[%emt
00:00:32]} 48. exd6 {[%clk 00:36:22]} {[%emt 00:00:45]} exd6 {[%clk 00:56:32]}
{[%emt 00:00:04]} 49. Kf2 {[%clk 00:36:37]} {[%emt 00:00:16]} Ke4 {[%clk
00:56:56]} {[%emt 00:00:06]} 50. Ke2 {[%clk 00:37:01]} {[%emt 00:00:06]} Kd4
{[%clk 00:57:21]} {[%emt 00:00:05]} 0-1

[Event "DVM U14 2022"]
[Site "Kelheim GER"]
[Date "2022.12.29"]
[Round "5"]
[White "Schmidt, Moritz"]
[Black "Borchert, Yuri"]
[Result "1-0"]
[Termination "normal"]
[Board "7.4"]
[WhiteElo "1495"]
[BlackElo "1182"]
[WhiteClock "01:10:51"]
[BlackClock "00:51:19"]
[WhiteTeam "Schachvereinigung 1920 Plettenberg e. V."]
[BlackTeam "SC Borussia Lichtenberg"]
[PlyCount "35"]
[WhiteFideId "34603549"]
[BlackFideId "34626468"]
[EventCountry "GER"]
[EventRounds "7"]
[EventType "team-swiss"]
[EventDate "2022.12.26"]

1. e4 {[%clk 01:30:57]} {[%emt 00:00:02]} d6 {[%clk 01:30:54]} {[%emt
00:00:07]} 2. d4 {[%clk 01:31:10]} {[%emt 00:00:17]} Nf6 {[%clk 01:31:11]}
{[%emt 00:00:13]} 3. Nc3 {[%clk 01:31:19]} {[%emt 00:00:20]} g6 {[%clk
01:30:53]} {[%emt 00:00:49]} 4. Bg5 {[%clk 01:30:52]} {[%emt 00:00:57]} Bg7
{[%clk 01:29:47]} {[%emt 00:01:36]} 5. e5 {[%clk 01:29:56]} {[%emt 00:01:26]}
dxe5 {[%clk 01:29:52]} {[%emt 00:00:24]} 6. dxe5 {[%clk 01:30:16]} {[%emt
00:00:11]} Qxd1 {[%clk 01:30:16]} {[%emt 00:00:06]} 7. Rxd1 {[%clk 01:30:40]}
Nfd7 {[%clk 01:23:40]} {[%emt 00:07:11]} 8. Nd5 {[%clk 01:29:53]} {[%emt
00:01:18]} e6 {[%clk 01:22:19]} {[%emt 00:01:51]} 9. Nxc7 {[%clk 01:29:54]}
{[%emt 00:00:28]} Kf8 {[%clk 01:20:38]} {[%emt 00:02:12]} 10. Nxa8 {[%clk
01:30:16]} {[%emt 00:00:08]} Bxe5 {[%clk 01:18:08]} {[%emt 00:02:58]} 11. Nf3
{[%clk 01:28:20]} {[%emt 00:02:28]} Bxb2 {[%clk 01:11:29]} {[%emt 00:07:07]}
12. Bf4 {[%clk 01:24:40]} {[%emt 00:04:12]} Nc6 {[%clk 01:08:15]} {[%emt
00:03:44]} 13. Bb5 {[%clk 01:19:58]} {[%emt 00:05:11]} Kg7 {[%clk 01:00:42]}
{[%emt 00:08:02]} 14. O-O {[%clk 01:12:46]} {[%emt 00:07:44]} Rd8 {[%clk
00:57:31]} {[%emt 00:03:40]} 15. Bxc6 {[%clk 01:10:16]} {[%emt 00:03:00]} bxc6
{[%clk 00:57:37]} {[%emt 00:00:24]} 16. Be5 {[%clk 01:10:27]} {[%emt 00:00:19]}
Bxe5 {[%clk 00:57:08]} {[%emt 00:00:59]} 17. Nxe5 {[%clk 01:10:52]} {[%emt
00:00:07]} a6 {[%clk 00:51:19]} {[%emt 00:06:17]} 18. Nb6 {[%clk 01:10:51]}
{[%emt 00:00:32]} 1-0

[Event "DVM U14 2022"]
[Site "Kelheim GER"]
[Date "2022.12.29"]
[Round "5"]
[White "Dubinker, Philipp"]
[Black "Werner, Florin"]
[Result "1/2-1/2"]
[Termination "normal"]
[Board "8.1"]
[WhiteElo "1639"]
[BlackElo "1761"]
[WhiteClock "00:17:48"]
[BlackClock "00:13:57"]
[WhiteTeam "SK Marburg 1931/72"]
[BlackTeam "VSG 1880 Offenbach"]
[PlyCount "67"]
[WhiteFideId "34608320"]
[BlackFideId "16250230"]
[EventCountry "GER"]
[EventRounds "7"]
[EventType "team-swiss"]
[EventDate "2022.12.26"]

1. Nf3 {[%clk 01:30:59]} {[%emt 00:00:01]} e6 {[%clk 01:30:35]} {[%emt
00:00:25]} 2. d4 {[%clk 01:31:00]} {[%emt 00:00:28]} d5 {[%clk 01:30:58]}
{[%emt 00:00:07]} 3. c4 {[%clk 01:31:26]} {[%emt 00:00:05]} Nf6 {[%clk
01:31:06]} {[%emt 00:00:21]} 4. g3 {[%clk 01:31:50]} {[%emt 00:00:06]} Be7
{[%clk 01:30:53]} {[%emt 00:00:43]} 5. Bg2 {[%clk 01:32:11]} {[%emt 00:00:10]}
O-O {[%clk 01:31:16]} {[%emt 00:00:06]} 6. O-O {[%clk 01:32:38]} {[%emt
00:00:04]} c5 {[%clk 01:29:04]} {[%emt 00:02:41]} 7. cxd5 {[%clk 01:25:27]}
{[%emt 00:07:40]} Nxd5 {[%clk 01:29:00]} {[%emt 00:00:35]} 8. Nc3 {[%clk
01:19:39]} {[%emt 00:06:18]} Nc6 {[%clk 01:26:00]} {[%emt 00:03:30]} 9. Nxd5
{[%clk 01:18:09]} {[%emt 00:01:59]} Qxd5 {[%clk 01:26:17]} {[%emt 00:00:14]}
10. Ne5 {[%clk 01:16:38]} {[%emt 00:02:00]} Qxd4 {[%clk 01:26:35]} {[%emt
00:00:12]} 11. Nxc6 {[%clk 01:16:55]} {[%emt 00:00:14]} bxc6 {[%clk 01:26:54]}
{[%emt 00:00:10]} 12. Be3 {[%clk 01:09:15]} {[%emt 00:08:10]} Qf6 {[%clk
01:17:52]} {[%emt 00:09:32]} 13. Bxc6 {[%clk 01:08:31]} {[%emt 00:01:14]} Rb8
{[%clk 01:18:12]} {[%emt 00:00:10]} 14. b3 {[%clk 01:08:30]} {[%emt 00:00:32]}
Bb7 {[%clk 01:16:27]} {[%emt 00:02:14]} 15. Bxb7 {[%clk 01:08:00]} {[%emt
00:01:01]} Rxb7 {[%clk 01:16:43]} {[%emt 00:00:14]} 16. Qc2 {[%clk 01:05:04]}
{[%emt 00:03:24]} Bd6 {[%clk 01:12:39]} {[%emt 00:04:36]} 17. Rac1 {[%clk
01:03:15]} {[%emt 00:02:17]} Rc8 {[%clk 01:12:42]} {[%emt 00:00:28]} 18. Qe4
{[%clk 01:00:48]} {[%emt 00:02:53]} Rbc7 {[%clk 01:02:32]} {[%emt 00:10:44]}
19. Rc2 {[%clk 01:00:13]} {[%emt 00:01:04]} h6 {[%clk 00:57:36]} {[%emt
00:05:28]} 20. Rfc1 {[%clk 00:59:03]} {[%emt 00:01:39]} Qe7 {[%clk 00:57:54]}
{[%emt 00:00:12]} 21. Qa4 {[%clk 00:49:02]} {[%emt 00:10:28]} Kh7 {[%clk
00:49:08]} {[%emt 00:09:20]} 22. Bf4 {[%clk 00:47:03]} {[%emt 00:02:27]} e5
{[%clk 00:44:29]} {[%emt 00:05:10]} 23. Be3 {[%clk 00:45:41]} {[%emt 00:01:52]}
f5 {[%clk 00:44:19]} {[%emt 00:00:40]} 24. f4 {[%clk 00:37:54]} {[%emt
00:08:16]} exf4 {[%clk 00:41:11]} {[%emt 00:03:40]} 25. Bxf4 {[%clk 00:38:14]}
{[%emt 00:00:10]} g5 {[%clk 00:40:16]} {[%emt 00:01:24]} 26. Bxd6 {[%clk
00:35:57]} {[%emt 00:02:46]} Qxd6 {[%clk 00:40:41]} {[%emt 00:00:06]} 27. Qc4
{[%clk 00:34:09]} {[%emt 00:02:17]} Re8 {[%clk 00:27:07]} {[%emt 00:14:06]} 28.
Qd3 {[%clk 00:30:17]} {[%emt 00:04:21]} Qe5 {[%clk 00:25:08]} {[%emt 00:02:29]}
29. b4 {[%clk 00:28:10]} {[%emt 00:02:36]} Rec8 {[%clk 00:19:48]} {[%emt
00:05:51]} 30. Rxc5 {[%clk 00:20:25]} {[%emt 00:08:15]} Rxc5 {[%clk 00:13:54]}
{[%emt 00:06:24]} 31. Rxc5 {[%clk 00:20:23]} {[%emt 00:00:32]} Rxc5 {[%clk
00:14:19]} {[%emt 00:00:06]} 32. bxc5 {[%clk 00:20:47]} {[%emt 00:00:06]} Qxc5
{[%clk 00:14:44]} {[%emt 00:00:04]} 33. Kg2 {[%clk 00:18:44]} {[%emt 00:02:33]}
Qc6 {[%clk 00:13:57]} {[%emt 00:01:17]} 34. Kg1 {[%clk 00:17:48]} {[%emt
00:01:26]} 1/2-1/2

[Event "DVM U14 2022"]
[Site "Kelheim GER"]
[Date "2022.12.29"]
[Round "5"]
[White "Dietrich, Fabian"]
[Black "Laux, Filip"]
[Result "1/2-1/2"]
[Termination "normal"]
[Board "8.3"]
[WhiteElo "1525"]
[BlackElo "1451"]
[WhiteClock "00:18:42"]
[BlackClock "00:13:41"]
[WhiteTeam "SK Marburg 1931/72"]
[BlackTeam "VSG 1880 Offenbach"]
[PlyCount "88"]
[WhiteFideId "34640240"]
[BlackFideId "16275730"]
[EventCountry "GER"]
[EventRounds "7"]
[EventType "team-swiss"]
[EventDate "2022.12.26"]

1. e4 {[%clk 01:31:00]} {[%emt 00:08:05]} c6 {[%clk 01:30:44]} {[%emt
00:00:15]} 2. c4 {[%clk 01:31:27]} {[%emt 00:00:03]} d5 {[%clk 01:30:46]}
{[%emt 00:00:27]} 3. exd5 {[%clk 01:31:54]} {[%emt 00:00:04]} cxd5 {[%clk
01:30:47]} {[%emt 00:00:28]} 4. cxd5 {[%clk 01:31:55]} {[%emt 00:00:29]} Nf6
{[%clk 01:30:41]} {[%emt 00:00:36]} 5. Nc3 {[%clk 01:32:18]} {[%emt 00:00:08]}
Nxd5 {[%clk 01:30:29]} {[%emt 00:00:41]} 6. Bc4 {[%clk 01:32:23]} {[%emt
00:00:25]} Nb6 {[%clk 01:25:20]} {[%emt 00:05:40]} 7. Bb3 {[%clk 01:31:23]}
{[%emt 00:01:28]} Bf5 {[%clk 01:25:25]} {[%emt 00:00:23]} 8. Qf3 {[%clk
01:26:22]} {[%emt 00:05:34]} Qd7 {[%clk 01:25:40]} {[%emt 00:00:16]} 9. Nge2
{[%clk 01:18:59]} {[%emt 00:07:51]} e6 {[%clk 01:24:43]} {[%emt 00:01:29]} 10.
O-O {[%clk 01:18:00]} {[%emt 00:01:28]} Nc6 {[%clk 01:23:10]} {[%emt 00:02:03]}
11. d4 {[%clk 01:16:32]} {[%emt 00:01:58]} Rd8 {[%clk 01:13:41]} {[%emt
00:09:59]} 12. Bg5 {[%clk 01:10:51]} {[%emt 00:06:12]} Be7 {[%clk 01:09:27]}
{[%emt 00:04:43]} 13. Bxe7 {[%clk 01:05:08]} {[%emt 00:06:13]} Nxe7 {[%clk
01:07:39]} {[%emt 00:02:18]} 14. Rfd1 {[%clk 01:03:10]} {[%emt 00:02:26]} Ned5
{[%clk 01:02:39]} {[%emt 00:05:32]} 15. Nxd5 {[%clk 01:00:05]} {[%emt
00:03:35]} Nxd5 {[%clk 01:00:58]} {[%emt 00:02:11]} 16. Nc3 {[%clk 00:59:36]}
{[%emt 00:00:58]} Nxc3 {[%clk 00:55:23]} {[%emt 00:06:06]} 17. bxc3 {[%clk
00:59:07]} {[%emt 00:00:59]} O-O {[%clk 00:53:09]} {[%emt 00:02:43]} 18. c4
{[%clk 00:57:55]} {[%emt 00:01:42]} Qc7 {[%clk 00:48:44]} {[%emt 00:04:56]} 19.
Rac1 {[%clk 00:56:04]} {[%emt 00:02:20]} Rc8 {[%clk 00:43:48]} {[%emt
00:05:27]} 20. Rc3 {[%clk 00:50:48]} {[%emt 00:05:45]} Rfd8 {[%clk 00:42:09]}
{[%emt 00:02:10]} 21. Qe3 {[%clk 00:50:07]} {[%emt 00:01:10]} Qc6 {[%clk
00:40:46]} {[%emt 00:01:52]} 22. Rdc1 {[%clk 00:48:06]} {[%emt 00:02:33]} Qe4
{[%clk 00:39:55]} {[%emt 00:01:19]} 23. Qxe4 {[%clk 00:40:28]} {[%emt
00:08:11]} Bxe4 {[%clk 00:40:22]} {[%emt 00:00:03]} 24. f3 {[%clk 00:40:38]}
{[%emt 00:00:20]} Bf5 {[%clk 00:39:22]} {[%emt 00:01:29]} 25. g4 {[%clk
00:39:50]} {[%emt 00:01:18]} Bg6 {[%clk 00:39:40]} {[%emt 00:00:11]} 26. d5
{[%clk 00:40:06]} {[%emt 00:00:14]} Kf8 {[%clk 00:37:59]} {[%emt 00:02:12]} 27.
Kf2 {[%clk 00:39:04]} {[%emt 00:01:32]} Ke7 {[%clk 00:36:49]} {[%emt 00:01:40]}
28. f4 {[%clk 00:38:19]} {[%emt 00:01:13]} h6 {[%clk 00:34:26]} {[%emt
00:02:54]} 29. dxe6 {[%clk 00:37:48]} {[%emt 00:01:02]} fxe6 {[%clk 00:34:39]}
{[%emt 00:00:17]} 30. Ke3 {[%clk 00:38:00]} {[%emt 00:00:17]} Rc5 {[%clk
00:33:20]} {[%emt 00:01:47]} 31. h4 {[%clk 00:37:06]} {[%emt 00:01:27]} h5
{[%clk 00:32:10]} {[%emt 00:01:40]} 32. g5 {[%clk 00:37:16]} {[%emt 00:00:20]}
Bf5 {[%clk 00:32:12]} {[%emt 00:00:27]} 33. a4 {[%clk 00:36:58]} {[%emt
00:00:49]} g6 {[%clk 00:31:26]} {[%emt 00:01:16]} 34. Rd1 {[%clk 00:34:45]}
{[%emt 00:02:43]} Rxd1 {[%clk 00:29:21]} {[%emt 00:02:34]} 35. Bxd1 {[%clk
00:34:29]} {[%emt 00:00:46]} Kd6 {[%clk 00:21:22]} {[%emt 00:08:29]} 36. Kd4
{[%clk 00:31:40]} {[%emt 00:03:20]} b6 {[%clk 00:20:14]} {[%emt 00:01:38]} 37.
Bf3 {[%clk 00:30:34]} {[%emt 00:01:35]} Ra5 {[%clk 00:19:19]} {[%emt 00:01:25]}
38. Bd1 {[%clk 00:28:52]} {[%emt 00:02:11]} e5 {[%clk 00:16:18]} {[%emt
00:03:32]} 39. fxe5 {[%clk 00:28:18]} {[%emt 00:01:04]} Rxe5 {[%clk 00:16:27]}
{[%emt 00:00:21]} 40. Bc2 {[%clk 00:22:15]} {[%emt 00:06:33]} Bxc2 {[%clk
00:15:00]} {[%emt 00:01:58]} 41. Rxc2 {[%clk 00:20:41]} {[%emt 00:02:04]} Ra5
{[%clk 00:13:37]} {[%emt 00:01:53]} 42. Ra2 {[%clk 00:20:15]} {[%emt 00:00:55]}
Ke6 {[%clk 00:14:00]} {[%emt 00:00:08]} 43. Ke4 {[%clk 00:20:24]} {[%emt
00:00:21]} Re5 {[%clk 00:14:15]} {[%emt 00:00:14]} 44. Kd4 {[%clk 00:18:42]}
{[%emt 00:02:13]} Rf5 {[%clk 00:13:41]} {[%emt 00:01:03]} 1/2-1/2

[Event "DVM U14 2022"]
[Site "Kelheim GER"]
[Date "2022.12.29"]
[Round "5"]
[White "Staat, Christian"]
[Black "Alkayas, Mohammad"]
[Result "1/2-1/2"]
[Termination "normal"]
[Board "8.4"]
[WhiteElo "1260"]
[BlackElo "1174"]
[WhiteClock "00:23:39"]
[BlackClock "00:20:10"]
[WhiteTeam "VSG 1880 Offenbach"]
[BlackTeam "SK Marburg 1931/72"]
[PlyCount "106"]
[WhiteFideId "34608141"]
[BlackFideId "34608400"]
[EventCountry "GER"]
[EventRounds "7"]
[EventType "team-swiss"]
[EventDate "2022.12.26"]

1. d4 {[%clk 01:31:00]} {[%emt 00:08:06]} d5 {[%clk 01:30:54]} {[%emt
00:00:04]} 2. c4 {[%clk 01:31:26]} {[%emt 00:00:03]} e6 {[%clk 01:31:18]}
{[%emt 00:00:07]} 3. Nc3 {[%clk 01:31:52]} {[%emt 00:00:03]} Bb4 {[%clk
01:31:34]} {[%emt 00:00:14]} 4. Bd2 {[%clk 01:31:44]} {[%emt 00:00:38]} Nf6
{[%clk 01:31:55]} {[%emt 00:00:09]} 5. Nf3 {[%clk 01:30:34]} {[%emt 00:01:40]}
O-O {[%clk 01:32:15]} {[%emt 00:00:10]} 6. e3 {[%clk 01:29:49]} {[%emt
00:01:16]} Bxc3 {[%clk 01:31:05]} {[%emt 00:01:40]} 7. Bxc3 {[%clk 01:30:02]}
{[%emt 00:00:16]} Ne4 {[%clk 01:31:29]} {[%emt 00:00:06]} 8. Qc2 {[%clk
01:29:31]} {[%emt 00:01:01]} Nxc3 {[%clk 01:31:24]} {[%emt 00:00:36]} 9. Qxc3
{[%clk 01:29:53]} {[%emt 00:00:07]} Qe7 {[%clk 01:31:05]} {[%emt 00:00:49]} 10.
Be2 {[%clk 01:07:58]} {[%emt 00:22:25]} Nd7 {[%clk 01:30:10]} {[%emt 00:01:26]}
11. O-O {[%clk 00:53:36]} {[%emt 00:14:52]} Nf6 {[%clk 01:30:25]} {[%emt
00:00:14]} 12. Rfc1 {[%clk 00:51:03]} {[%emt 00:03:02]} c6 {[%clk 01:30:00]}
{[%emt 00:00:56]} 13. c5 {[%clk 00:49:53]} {[%emt 00:01:40]} Ne4 {[%clk
01:28:56]} {[%emt 00:01:34]} 14. Qc2 {[%clk 00:50:14]} {[%emt 00:00:09]} Ng5
{[%clk 01:07:57]} {[%emt 00:21:29]} 15. Nd2 {[%clk 00:20:13]} {[%emt 00:30:31]}
f6 {[%clk 01:05:30]} {[%emt 00:02:57]} 16. e4 {[%clk 00:13:17]} {[%emt
00:07:25]} dxe4 {[%clk 00:58:32]} {[%emt 00:07:29]} 17. h4 {[%clk 00:12:19]}
{[%emt 00:01:28]} Nf7 {[%clk 00:56:54]} {[%emt 00:02:08]} 18. Qxe4 {[%clk
00:07:44]} {[%emt 00:05:05]} f5 {[%clk 00:56:53]} {[%emt 00:00:32]} 19. Qf4
{[%clk 00:07:39]} {[%emt 00:00:35]} e5 {[%clk 00:55:56]} {[%emt 00:01:26]} 20.
dxe5 {[%clk 00:08:01]} {[%emt 00:00:08]} Qxe5 {[%clk 00:56:13]} {[%emt
00:00:13]} 21. Qxe5 {[%clk 00:07:50]} {[%emt 00:00:41]} Nxe5 {[%clk 00:56:35]}
{[%emt 00:00:08]} 22. Bc4 {[%clk 00:08:01]} {[%emt 00:00:19]} Nxc4 {[%clk
00:50:19]} {[%emt 00:06:46]} 23. Nxc4 {[%clk 00:08:23]} {[%emt 00:00:08]} Be6
{[%clk 00:41:50]} {[%emt 00:08:59]} 24. Nd6 {[%clk 00:08:19]} {[%emt 00:00:33]}
Rab8 {[%clk 00:41:12]} {[%emt 00:01:08]} 25. Re1 {[%clk 00:08:24]} {[%emt
00:00:25]} Rf6 {[%clk 00:33:23]} {[%emt 00:08:20]} 26. a3 {[%clk 00:06:15]}
{[%emt 00:02:39]} Kf8 {[%clk 00:23:20]} {[%emt 00:10:32]} 27. Rad1 {[%clk
00:04:18]} {[%emt 00:02:28]} Bd5 {[%clk 00:21:58]} {[%emt 00:01:52]} 28. Rd3
{[%clk 00:03:37]} {[%emt 00:01:08]} Re6 {[%clk 00:19:37]} {[%emt 00:02:54]} 29.
Rxe6 {[%clk 00:03:35]} {[%emt 00:00:31]} Bxe6 {[%clk 00:19:44]} {[%emt
00:00:23]} 30. Re3 {[%clk 00:04:04]} {[%emt 00:00:02]} Bd7 {[%clk 00:18:04]}
{[%emt 00:02:10]} 31. Rf3 {[%clk 00:03:11]} {[%emt 00:01:23]} g6 {[%clk
00:13:55]} {[%emt 00:04:39]} 32. g4 {[%clk 00:03:34]} {[%emt 00:00:07]} Kg7
{[%clk 00:12:27]} {[%emt 00:01:59]} 33. gxf5 {[%clk 00:03:23]} {[%emt
00:00:40]} gxf5 {[%clk 00:11:51]} {[%emt 00:01:06]} 34. Nxf5 {[%clk 00:03:27]}
{[%emt 00:00:25]} Bxf5 {[%emt 00:00:39]} 35. Rxf5 {[%clk 00:03:50]} {[%emt
00:00:06]} h6 {[%clk 00:11:49]} {[%emt 00:00:25]} 36. h5 {[%clk 00:03:42]}
{[%emt 00:00:38]} b6 {[%clk 00:12:00]} {[%emt 00:00:18]} 37. cxb6 {[%clk
00:03:24]} {[%emt 00:00:48]} Rxb6 {[%clk 00:12:18]} {[%emt 00:00:12]} 38. Rc5
{[%clk 00:02:44]} {[%emt 00:01:10]} Kf6 {[%clk 00:10:45]} {[%emt 00:02:03]} 39.
b4 {[%clk 00:02:33]} {[%emt 00:00:41]} Ke6 {[%clk 00:09:52]} {[%emt 00:01:24]}
40. Kg2 {[%clk 00:02:39]} {[%emt 00:00:24]} Kd6 {[%emt 00:01:34]} 41. f4 {[%clk
00:01:55]} {[%emt 00:01:12]} Ra6 {[%clk 00:07:22]} {[%emt 00:01:58]} 42. Rc3
{[%clk 00:01:35]} {[%emt 00:00:50]} Rb6 {[%clk 00:06:08]} {[%emt 00:01:44]} 43.
f5 {[%clk 00:01:20]} {[%emt 00:00:45]} Rb5 {[%clk 00:05:27]} {[%emt 00:01:11]}
44. Rf3 {[%clk 00:01:01]} {[%emt 00:00:48]} Ke7 {[%clk 00:05:32]} {[%emt
00:00:26]} 45. Kg3 {[%clk 00:01:13]} {[%emt 00:00:19]} Kf6 {[%clk 00:02:59]}
{[%emt 00:03:03]} 46. Rc3 {[%clk 00:00:49]} {[%emt 00:00:53]} Rb6 {[%clk
00:24:08]} {[%emt 00:09:21]} 47. Kg4 {[%clk 00:30:05]} {[%emt 00:01:14]} a6
{[%clk 00:23:43]} {[%emt 00:00:55]} 48. Re3 {[%clk 00:29:45]} {[%emt 00:00:48]}
Kg7 {[%clk 00:21:51]} {[%emt 00:02:24]} 49. Re6 {[%clk 00:29:51]} {[%emt
00:00:23]} a5 {[%clk 00:19:26]} {[%emt 00:02:56]} 50. bxa5 {[%emt 00:01:44]}
Ra6 {[%clk 00:19:46]} 51. f6 {[%clk 00:27:44]} {[%emt 00:01:33]} Kf7 {[%clk
00:20:04]} {[%emt 00:00:11]} 52. Rd6 {[%clk 00:25:09]} {[%emt 00:03:04]} Rxa5
{[%clk 00:19:53]} {[%emt 00:00:42]} 53. Rxc6 {[%clk 00:23:39]} {[%emt
00:02:00]} Rxa3 {[%clk 00:20:10]} {[%emt 00:00:13]} 1/2-1/2